000 00476nam a2200169Ia 4500
008 230917s9999||||xx |||||||||||||| ||und||
020 _cRS1200
040 _e241479
_aMAIN
041 _aEnglish
082 _a361.6 C392W
100 _aChaudhary, Sunil
245 0 _aWelfare policy and social development
260 _aNew Delhi
_bGlobal Vision Publishing House
_c2017
300 _avii, 278 p.
500 _a2801 31/07/2017 HBD17/7031 31/07/2017 Main Budget
942 _cBK
999 _c23406
_d23406